| 000 | 01147cam a2200229 4500 | ||
|---|---|---|---|
| 001 | WB3928-09 | ||
| 008 | 030724n2003 000 0 eng u | ||
| 035 | _a(Sirsi) u123112 | ||
| 245 | _aDemand will not lead to sector growth | ||
| 260 | _c2003 | ||
| 490 |
_aInside Housing _v 18 July 2003, 8(1) |
||
| 520 | _aDemand for new housing is unlikely to prompt growth in the housing market, says a new study. Market intelligence provider Key Note suggest that the burden of planning application processes inhibit expansion by private house builders. "Housebuilding market report" forecasts house building starts will increase overall by 5.3% between 2003 and 2007 - an annual increase of 1.3% However, housing completions will increase by 1.2% over the same period - an annual rise of just 0.3%. The report is available from Key Note t +44 (0)20 8481 8750, priced £360 | ||
| 590 | _aWB | ||
| 650 | _aNEW HOUSING | ||
| 650 | _aPRIVATE HOUSE BUILDERS | ||
| 650 | _aHOUSE BUILDING MARKET | ||
| 650 | _aPLANNING APPLICATION PROCESS | ||
| 650 | _aHOUSING COMPLETIONS | ||
| 650 | _aFORECASTING | ||
| 690 | _aHOUSING-DEVELOPMENT | ||
| 942 | _n0 | ||
| 999 |
_c73102 _d73102 |
||